000
00338nam a2200133 a 4500
005
20140414131855.0
008
100901s19uu xx 00 eng d
050
_a
FIL
_b
C42 2009
100
_a
Garlitos, Rhandee
245
_a
Chenelyn! Chenelyn!.
260
_a
Manila, Philippines :
_b
Adarna,
_c
2009.
999
_c
110437
_d
110437